Normal view
MARC view
- Merisuo-Storm, Tuula
Entry Nombre Personal
001 - NUMERO DE CONTROL
- campo de control: 47431
003 - IDENTIFICADOR DE NUMERO DE CONTROL
- campo de control: UPN
005 - FECHA Y HORA DE LA ÜLTIMA TRANSACCIÓN
- campo de control: 20221123091801.0
008 - DATOS DE LONGITUD FIJA
- campo de control de longitud fija: 221123|| acn||aabn | a|a d
040 ## - FUENTE DE CATALOGACIÓN
- Agencia original de catalogación: MX-MxUPN
100 ## - ENCABEZAMIENTO - NOMBRE PERSONAL
- Nombre personal: Merisuo-Storm, Tuula
370 ## - LUGAR ASOCIADO
- Associated country: Finlandia
371 ## - DIRECCIÓN
- Electronic mail address: tuula.merisuo-storm@utu.fi
372 ## - CAMPO DE ACTIVIDAD
- Field of activity: Ciencias de la educacion
- Field of activity: Didáctica y Evaluación Educativa
373 ## - GRUPO ASOCIADO
- Associated group: Universidad de Turku. Departamento de Formación Docente
374 ## - OCUPACIÓN
- Occupation: Profesora - Investigadora universitaria
670 ## - FUENTE EN LA QUE SE LOCALIZARON DATOS
- Cita de la fuente: En sitio web: Researchgate
- Información localizada: (Tuula Merisuo-Storm)
- Uniform Resource Identifier: https://www.researchgate.net/profile/Tuula-Merisuo-Storm
902 ## - CATALOGADOR
- Catalogador: BLSM/231122
